Zaslúži si tchor ochranu? úlovok ako indikátor rozšírenia a početnosti tchora

Bibliographic Details
Main Authors: Hell, Pavel, 1930-2009 (Author), Kaštier, Peter (Author), Slamečka, Jaroslav (Author)
Format: Article
Language:Slovak
PhysicalDescription:Fotogr., mp.
ISSN:0231-8768
Subjects:

MARC

LEADER 00000nab a2200000 a 4500
001 vtls000848422
003 SK-MaSNL
005 20260304105626.0
008 250429c2003 xo 0 slo
015 |a SNBRB2003/10-28133 
035 |a CLN000200077 
035 |a urn:nbn:sk:snk-aberq1 
035 |a (urnnbn)urn:nbn:sk:snk:ar-006z97 
035 |a (uuid)2791b81d-fa7a-4067-9577-2c4411feb41c 
040 |a SNKBUCL  |b slo  |c SNKBUCL  |e AACR2 
041 0 |a slo 
044 |a xo  |c SK 
080 |a 639.113(437.6)  |2 1997 
080 |a 599.742.4(437.6):502.743  |2 1997 
080 |a 502.743(437.6)  |2 1997 
100 1 |a Hell, Pavel,  |d 1930-2009  |4 aut  |9 125123 
245 1 0 |a Zaslúži si tchor ochranu?  |b úlovok ako indikátor rozšírenia a početnosti tchora  |c Pavel Hell, Peter Kaštier, Jaroslav Slamečka 
300 |b Fotogr., mp. 
650 0 7 |a tchor  |z Slovensko  |2 snkbucl  |9 26040 
650 0 7 |a tchor svetlý  |2 snkbucl  |9 86596 
650 0 7 |a tchor tmavý  |2 snkbucl  |9 26041 
655 7 |a články z novín a časopisov  |2 snkbucl  |9 267496 
700 1 |a Kaštier, Peter  |4 aut  |9 265413 
700 1 |a Slamečka, Jaroslav  |4 aut  |9 8823 
773 0 |t Poľovníctvo a rybárstvo  |g Roč. 55, č. 7 (2003), s. 8-9  |x 0231-8768 
850 |a Slovenská národná knižnica 
852 |a Slovenská národná knižnica 
958 |a article27 
958 |a OND 
958 |a SK 
992 |a RBX 
999 |c 2856382  |d 2858312